000 01143nam a2200325 i 4500
003 EG-GICUC
005 20260121101217.0
008 251113s1956 fr d|||f |||| 000 0 fre d
040 _aEG-GiCUC
_bfre
_cEG-GiCUC
_dEG-GiCUC
_eRda
041 0 _afre
082 0 4 _221
_a338.9
_bMA . P
092 0 4 _221
099 _aLaw1 13 338.9 MA . P 1956
100 1 _aMarczewski, Jan
_eAuteur
245 1 0 _aPlanification Et Croissance Économique Des Démocraties Populaires.
_nTome Premier,
_pAnalyse Historique \
_cJan Marczewski,
250 _a1 ed
264 _aParis :
_bPresses Universitaires De France,
_c1956.
300 _a312page :
_billustrations, tableaux
_c 20 cm.
336 _2rda contenu
_a texte
337 _2rda medias
_aOrdinateur
338 _2 transporteur rda
_a Ressource en ligne
490 _aBibliothèque De La Science Économique
504 _aBibliography: pages 200-250. 240-220
546 _aTexte en français
650 1 _aFinances publiques et législation fiscale
_2qrmak
651 1 _2qrmak
856 4 0 _uhttps://fll.law.cu.edu.eg/fulltext/bks/B13-07471.pdf
905 _a70
942 _2ddc
_cBK
_e21
_n0
999 _c43019
_d43019